[Event "UNAM w Prelim B"]
[Site "Mexico City MEX"]
[Date "2012.11.16"]
[Round "1.2"]
[White "Esquivel De Leon, Aurora"]
[Black "Guramishvili, Sopiko"]
[Result "0-1"]
[WhiteTitle "WIM"]
[BlackTitle "IM"]
[WhiteElo "1965"]
[BlackElo "2403"]
[WhiteFideId "5110432"]
[BlackFideId "13602888"]
[EventDate "2012.11.16"]

1. Nf3 d5 2. c4 c6 3. cxd5 cxd5 4. d4 Nc6 5. Nc3 e6 6. Bf4 a6 7. e3 Nf6 8. a3
Bd6 9. Bg3 O-O 10. Bd3 b5 11. b4 Bb7 12. O-O Bxg3 13. hxg3 Rc8 14. Rc1 Qe7 15.
Re1 e5 16. dxe5 Nxe5 17. Nd4 g6 18. Be2 Rfd8 19. Qb3 Ne4 20. Nxe4 dxe4 21. Rxc8
Rxc8 22. Rd1 Nc4 23. Bxc4 Rxc4 24. Qb2 h5 25. Ne2 Kh7 26. Qd2 Bc8 27. Nf4 Bg4
28. Rc1 Rxc1+ 29. Qxc1 Qe5 30. Qd2 Kg7 31. Qd8 Qf6 32. Qa8 Qa1+ 33. Kh2 Qxa3 34.
Qxe4 Qc3 35. Qe7 Qf6 36. Nd5 Qxe7 37. Nxe7 Kf6 38. Nd5+ Ke5 39. Nc7 Bc8 40. Kg1
Kd6 41. Ne8+ Ke7 42. Nc7 Kd6 43. Ne8+ Kc6 44. Kf1 a5 45. bxa5 b4 46. Ke2 Be6 47.
Kd2 Kb5 48. Kc2 Kxa5 49. Kb2 Kb6 50. Nd6 Kc5 51. Ne4+ Kc4 52. Nd2+ Kd3 53. Nb3
Bxb3 54. Kxb3 Ke2 55. e4 Kxf2 56. Kxb4 Kxg3 57. Kc4 Kxg2 58. Kd5 h4 59. Ke5 h3
60. Kf6 h2 61. e5 h1=Q 62. Kxf7 Qh7+ 63. Kf6 Kf3 64. Ke6 g5 65. Kd6 g4 66. e6 g3
67. e7 Qxe7+ 0-1

[Event "UNAM w Prelim B"]
[Site "Mexico City MEX"]
[Date "2012.11.16"]
[Round "1.3"]
[White "Guramishvili, Sopiko"]
[Black "Esquivel De Leon, Aurora"]
[Result "1-0"]
[WhiteTitle "IM"]
[BlackTitle "WIM"]
[WhiteElo "2403"]
[BlackElo "1965"]
[WhiteFideId "13602888"]
[BlackFideId "5110432"]
[EventDate "2012.11.16"]

1. c4 Nf6 2. g3 c5 3. Bg2 e6 4. Nf3 Be7 5. O-O O-O 6. Nc3 d6 7. d4 cxd4 8. Nxd4
a6 9. b3 Qc7 10. Bb2 Nc6 11. Rc1 Nxd4 12. Qxd4 Bd7 13. Rfd1 Bc6 14. Nd5 Bxd5 15.
cxd5 Qd7 16. dxe6 fxe6 17. Qb6 d5 18. Bh3 Bd6 19. Bxf6 Rxf6 20. Rxd5 Rd8 21.
Rcd1 Bc7 22. Qxc7 1-0

[Event "UNAM w Prelim B"]
[Site "Mexico City MEX"]
[Date "2012.11.16"]
[Round "1.4"]
[White "Esquivel De Leon, Aurora"]
[Black "Guramishvili, Sopiko"]
[Result "0-1"]
[WhiteTitle "WIM"]
[BlackTitle "IM"]
[WhiteElo "1965"]
[BlackElo "2403"]
[WhiteFideId "5110432"]
[BlackFideId "13602888"]
[EventDate "2012.11.16"]

1. Nf3 d5 2. c4 e6 3. g3 Nf6 4. Bg2 Nc6 5. cxd5 exd5 6. O-O Bd6 7. d4 O-O 8. Nc3
h6 9. Bf4 Bxf4 10. gxf4 Bf5 11. a3 Ne4 12. Ne5 Nxe5 13. fxe5 c6 14. e3 Qh4 15.
Ne2 Ng5 16. Nf4 Ne6 17. Qh5 Qg5 18. Qxg5 hxg5 19. Nh5 f6 20. exf6 gxf6 21. h3
Ng7 22. Ng3 Be6 23. Kh2 Kf7 24. f4 gxf4 25. Rxf4 Rh8 26. Raf1 Rh6 27. Ne2 Rah8
28. Ng1 Ke7 29. b4 Nh5 30. R4f2 Rg8 31. Bf3 Ng3 32. Re1 Ne4 33. Rg2 Ng5 34. a4
Rhh8 0-1

[Event "UNAM w Prelim B"]
[Site "Mexico City MEX"]
[Date "2012.11.16"]
[Round "1.1"]
[White "Umudova, Nargiz"]
[Black "Videnova, Iva"]
[Result "0-1"]
[WhiteTitle "WIM"]
[BlackTitle "WGM"]
[WhiteElo "2220"]
[BlackElo "2318"]
[WhiteFideId "13402137"]
[BlackFideId "2907763"]
[EventDate "2012.11.16"]

1. e4 c5 2. b3 g6 3. Bb2 Nf6 4. e5 Nd5 5. Nc3 Nxc3 6. dxc3 Bg7 7. f4 O-O 8. Qd2
Qa5 9. a3 Nc6 10. O-O-O b5 11. h4 b4 12. cxb4 cxb4 13. a4 Rd8 14. h5 d6 15. hxg6
hxg6 16. e6 Bxb2+ 17. Kxb2 Bxe6 18. Bb5 Bf5 19. Nf3 Rac8 20. g4 Bxg4 21. Qh2 Bh5
22. Rd5 Kf8 23. Bxc6 Qc7 24. Nd4 e5 25. fxe5 dxe5 26. Rxd8+ Rxd8 27. Re1 Rxd4
28. Qxe5 Qxe5 29. Rxe5 Bg4 30. Ra5 Bf5 31. Rxa7 Rd2 32. Bb5 Rxc2+ 33. Ka1 g5 34.
Bc4 Rc1+ 35. Kb2 Rc2+ 36. Ka1 Bg6 37. a5 g4 38. a6 g3 39. Bd5 Rc5 40. Bf3 Rf5
41. Bc6 Rf1+ 42. Kb2 Rf2+ 43. Ka1 g2 44. Bxg2 Rxg2 45. Ra8+ Kg7 46. a7 Be4 47.
Re8 Bf3 48. a8=Q Bxa8 49. Rxa8 f5 50. Ra4 f4 51. Rxb4 f3 52. Rf4 f2 53. b4 Rg1+
54. Kb2 f1=Q 55. Rxf1 Rxf1 56. Kc3 Rf4 57. b5 Kf8 0-1

[Event "UNAM w Prelim B"]
[Site "Mexico City MEX"]
[Date "2012.11.16"]
[Round "1.2"]
[White "Videnova, Iva"]
[Black "Umudova, Nargiz"]
[Result "1-0"]
[WhiteTitle "WGM"]
[BlackTitle "WIM"]
[WhiteElo "2318"]
[BlackElo "2220"]
[WhiteFideId "2907763"]
[BlackFideId "13402137"]
[EventDate "2012.11.16"]

1. e4 c5 2. Nf3 Nc6 3. d4 cxd4 4. Nxd4 Nf6 5. Nc3 e5 6. Ndb5 d6 7. Bg5 a6 8. Na3
b5 9. Nd5 Be7 10. Bxf6 Bxf6 11. c4 O-O 12. cxb5 Nd4 13. bxa6 Bg5 14. Nc2 f5 15.
Nxd4 exd4 16. Bc4 Bxa6 17. Qxd4 Kh8 18. O-O f4 19. Bxa6 Rxa6 20. f3 Qd7 21. Rfc1
Ra4 22. Qb6 Bd8 23. Qc6 Qa7+ 24. Kh1 Ra6 25. Qc4 Bh4 26. a4 Bf2 27. Nc7 Ra5 28.
Ne6 Re8 29. Qc7 Be3 30. Qxa7 Rxa7 31. Rc7 Raa8 32. Nxg7 Re5 33. Nf5 Rea5 34.
Nxe3 fxe3 35. b3 d5 36. Re1 dxe4 37. fxe4 Rd8 38. Rc3 Re5 39. Rcxe3 Rb8 40. g3
Kg7 41. Kg2 Rc8 42. R3e2 Rc3 43. Rb1 Kf6 44. b4 Ra3 45. a5 Rb5 46. e5+ Ke6 47.
h4 Ra4 48. Re4 Ra2+ 49. Kh3 Kd5 50. Rg4 Ra4 51. h5 h6 52. Rg6 Kxe5 53. Rxh6 Rd5
54. Re1+ Kf5 55. g4+ Kf4 56. Rf6+ Kg5 57. Rg6+ Kf4 58. Rf1+ Ke4 59. Re6+ Kd4 60.
Rd1+ Kc4 61. Rc6+ 1-0

[Event "UNAM w Prelim B"]
[Site "Mexico City MEX"]
[Date "2012.11.16"]
[Round "1.3"]
[White "Umudova, Nargiz"]
[Black "Videnova, Iva"]
[Result "0-1"]
[WhiteTitle "WIM"]
[BlackTitle "WGM"]
[WhiteElo "2220"]
[BlackElo "2318"]
[WhiteFideId "13402137"]
[BlackFideId "2907763"]
[EventDate "2012.11.16"]

1. e4 c5 2. b3 g6 3. Bb2 Nf6 4. e5 Nd5 5. Nc3 Nxc3 6. dxc3 Nc6 7. f4 Bg7 8. Qd2
d6 9. exd6 Qxd6 10. Qxd6 exd6 11. O-O-O Ke7 12. Nf3 Rd8 13. Bc4 h6 14. Rhe1+ Kf8
15. h3 Ne7 16. Re2 d5 17. g4 Bxg4 18. hxg4 dxc4 19. Ne5 Rxd1+ 20. Kxd1 Nd5 21.
Re4 Rd8 22. Ke1 cxb3 23. c4 Nxf4 24. Rxf4 Bxe5 25. Bxe5 Re8 26. axb3 Rxe5+ 27.
Kf2 Ke7 28. Rf3 h5 29. gxh5 Rxh5 30. Re3+ Kd6 31. Kg3 Re5 32. Rd3+ Kc6 33. Kf3
g5 34. Kg4 f6 35. Rf3 Re4+ 36. Kf5 Rf4+ 37. Rxf4 gxf4 38. Kxf4 Kd6 39. Kf5 Ke7 0-1

[Event "UNAM w Prelim B"]
[Site "Mexico City MEX"]
[Date "2012.11.17"]
[Round "2.1"]
[White "Muminova, Nafisa"]
[Black "Videnova, Iva"]
[Result "0-1"]
[WhiteTitle "WIM"]
[BlackTitle "WGM"]
[WhiteElo "2349"]
[BlackElo "2318"]
[WhiteFideId "14201526"]
[BlackFideId "2907763"]
[EventDate "2012.11.16"]

1. e4 c5 2. Nf3 d6 3. d4 cxd4 4. Nxd4 Nf6 5. Nc3 g6 6. Be2 Bg7 7. Be3 Nc6 8. h3
O-O 9. O-O a6 10. a4 Nxd4 11. Bxd4 Be6 12. Qd2 Qa5 13. Rad1 Rfc8 14. f4 Rxc3 15.
Bxc3 Qxa4 16. Ra1 Qc6 17. Bxf6 Bxf6 18. c3 b5 19. Bf3 Qb6+ 20. Qf2 Qxf2+ 21.
Kxf2 Ra7 22. Ra5 b4 23. e5 dxe5 24. fxe5 Bh4+ 25. g3 Bg5 26. Rd1 bxc3 27. bxc3
Rc7 28. h4 Bh6 29. Rd8+ Kg7 30. Rxa6 Rxc3 31. Raa8 Be3+ 32. Ke2 Bc4+ 33. Ke1 Bb6
34. Rg8+ Kh6 35. Bd1 Rxg3 36. Rac8 Be6 37. Rce8 Rg1+ 38. Kd2 Ba5+ 39. Kc2 Bf5+
40. Kc1 Bg4 41. Rxe7 Rxd1+ 42. Kc2 Rd2+ 43. Kc1 Be6 44. Ra8 Rd5 45. Rea7 Bc3 46.
h5 Kxh5 47. Rh8 h6 48. Kc2 Bxe5 0-1

[Event "UNAM w Prelim B"]
[Site "Mexico City MEX"]
[Date "2012.11.17"]
[Round "2.2"]
[White "Videnova, Iva"]
[Black "Muminova, Nafisa"]
[Result "1/2-1/2"]
[WhiteTitle "WGM"]
[BlackTitle "WIM"]
[WhiteElo "2318"]
[BlackElo "2349"]
[WhiteFideId "2907763"]
[BlackFideId "14201526"]
[EventDate "2012.11.16"]

1. e4 e6 2. d4 d5 3. Nc3 Nf6 4. e5 Nfd7 5. f4 c5 6. Nf3 Nc6 7. Be3 Qb6 8. Na4
Qa5+ 9. c3 b6 10. Bd2 c4 11. b4 Nxb4 12. cxb4 Bxb4 13. Qc2 Bxd2+ 14. Nxd2 b5 15.
Nc3 O-O 16. Be2 b4 17. Nd1 f6 18. O-O Qb6 19. Nf3 fxe5 20. fxe5 Nxe5 21. Nxe5
Qxd4+ 22. Kh1 Rxf1+ 23. Bxf1 Qxa1 24. Qe2 a5 25. Qh5 g6 26. Qg5 Ra7 27. Ne3 d4
28. Nxg6 hxg6 29. Qxg6+ Kf8 30. Qf6+ Ke8 31. Nxc4 Qe1 32. Kg1 d3 33. Qh8+ Kf7
34. Ne5+ Ke7 35. Nxd3 Qe3+ 36. Kh1 Bd7 37. Qg7+ Kd6 38. h4 Rc7 39. Qf8+ Kc6 40.
Qa8+ Kb6 41. Qb8+ Rb7 42. Qd8+ Rc7 43. Qb8+ Kc6 44. Qa8+ Kd6 45. Qxa5 Rc4 46.
Qa6+ Rc6 47. Qa5 Rc4 48. Qa6+ Kd5 49. Qb7+ Kd6 50. Qa6+ Kd5 51. Qb7+ Kd6 52.
Qa6+ Kd5 53. Qb7+ 1/2-1/2

[Event "UNAM w Prelim B"]
[Site "Mexico City MEX"]
[Date "2012.11.17"]
[Round "2.3"]
[White "Muminova, Nafisa"]
[Black "Videnova, Iva"]
[Result "1-0"]
[WhiteTitle "WIM"]
[BlackTitle "WGM"]
[WhiteElo "2349"]
[BlackElo "2318"]
[WhiteFideId "14201526"]
[BlackFideId "2907763"]
[EventDate "2012.11.16"]

1. e4 c5 2. Nf3 d6 3. d4 cxd4 4. Nxd4 Nf6 5. Nc3 g6 6. Be2 Bg7 7. Be3 Nc6 8. h3
O-O 9. O-O Nxd4 10. Bxd4 b6 11. Qd3 Bb7 12. Rad1 Rc8 13. f4 Rxc3 14. Bxc3 Bxe4
15. Qd2 Qa8 16. Bd3 Rc8 17. Rde1 d5 18. Kh2 e6 19. Re2 Bxd3 20. cxd3 Qc6 21. Be5
Nd7 22. Bxg7 Kxg7 23. Qe3 Qd6 24. Rff2 d4 25. Qf3 Nf6 26. Rc2 Rxc2 27. Rxc2 Nd5
28. Rf2 Ne3 29. Qe4 Nd1 30. Re2 Ne3 31. Re1 Kf6 32. Rc1 g5 33. g3 gxf4 34. Qxf4+
Qxf4 35. gxf4 Nd5 36. Rc4 Nxf4 37. Rxd4 Nd5 38. Kg3 Kg6 39. Rg4+ Kf6 40. Kf3 e5
41. Rh4 Nf4 42. Ke4 h5 43. Rxf4+ exf4 44. Kxf4 Ke6 45. Kg5 Ke5 46. Kxh5 Kf4 47.
h4 f5 48. Kg6 Kg4 49. h5 f4 50. h6 f3 51. h7 f2 52. h8=Q f1=Q 53. Qh5+ Kg3 54.
Qg5+ Kh2 55. Qh4+ Kg1 56. Qg4+ Kh2 57. Qh5+ Kg3 58. Qe5+ Kg2 59. Qe4+ Kg3 60. d4
Qa1 61. Qe5+ Kf3 62. d5 Qxa2 63. Qf5+ Ke3 64. Qe5+ Kd3 65. Kf6 Qa4 66. d6 Qh4+
67. Ke6 a5 68. d7 Qh6+ 69. Qf6 Qe3+ 70. Kf7 Kc2 71. d8=Q a4 72. Qdxb6 Qd3 1-0

[Event "UNAM w Prelim B"]
[Site "Mexico City MEX"]
[Date "2012.11.17"]
[Round "2.4"]
[White "Videnova, Iva"]
[Black "Muminova, Nafisa"]
[Result "0-1"]
[WhiteTitle "WGM"]
[BlackTitle "WIM"]
[WhiteElo "2318"]
[BlackElo "2349"]
[WhiteFideId "2907763"]
[BlackFideId "14201526"]
[EventDate "2012.11.16"]

1. e4 e6 2. d4 d5 3. Nc3 Nf6 4. e5 Nfd7 5. f4 c5 6. Nf3 Nc6 7. Be3 Qb6 8. Na4
Qa5+ 9. c3 b6 10. Bd2 c4 11. b4 Nxb4 12. cxb4 Bxb4 13. Qc2 Bxd2+ 14. Nxd2 b5 15.
Nc3 O-O 16. Be2 b4 17. Nd1 f6 18. exf6 Rxf6 19. g3 Qb6 20. Nf3 Nb8 21. Ne3 Nc6
22. Rd1 a5 23. Ng4 Rf8 24. Nge5 Nxe5 25. Nxe5 b3 26. axb3 cxb3 27. Qb1 Ba6 28.
Bxa6 Rxa6 29. O-O Ra7 30. Rf3 a4 31. g4 b2 32. Kg2 a3 33. Qa2 Rb8 34. Rff1 Qb3
35. Qxb3 Rxb3 36. f5 a2 37. fxe6 b1=Q 38. Nd7 Qe4+ 39. Kg1 Qxg4+ 40. Kh1 Rxd7
41. exd7 Qxd7 42. Ra1 Rb2 0-1

[Event "UNAM w Prelim B"]
[Site "Mexico City MEX"]
[Date "2012.11.17"]
[Round "2.1"]
[White "Esquivel De Leon, Aurora"]
[Black "Umudova, Nargiz"]
[Result "0-1"]
[WhiteTitle "WIM"]
[BlackTitle "WIM"]
[WhiteElo "1965"]
[BlackElo "2220"]
[WhiteFideId "5110432"]
[BlackFideId "13402137"]
[EventDate "2012.11.16"]

1. Nf3 Nf6 2. c4 g6 3. g3 Bg7 4. Bg2 O-O 5. O-O d6 6. Nc3 e5 7. d3 Nc6 8. Rb1 a5
9. a3 h6 10. b4 axb4 11. axb4 Be6 12. b5 Ne7 13. Qc2 Qd7 14. Rd1 Bh3 15. Bh1 Qe6
16. Nd2 c6 17. bxc6 bxc6 18. Nde4 Nd7 19. Be3 f5 20. Nd2 f4 21. Bb6 fxg3 22.
hxg3 Rf7 23. Nde4 Raf8 24. f3 Nxb6 25. Rxb6 Nf5 26. Qd2 Qd7 27. Rdb1 d5 28. cxd5
cxd5 29. Nc5 Qc8 30. Ne6 Re8 31. Kh2 Kh7 32. Nxg7 Nxg7 33. Nxd5 Qf5 34. Ne3 Qh5
35. Kg1 Qg5 36. Kf2 Nh5 37. Nf1 Qe7 38. g4 Nf4 39. Qe3 Nd5 40. Qd2 Nxb6 41. Rxb6
Qc5+ 42. Qe3 Qe7 43. Kg3 Bxf1 44. Qe4 Ref8 45. Bg2 Bxg2 46. Kxg2 Qg5 47. Rd6 h5
48. Rd5 hxg4 49. Rxe5 gxf3+ 50. Kf2 Qg2+ 51. Ke3 Qxe2+ 52. Kd4 Qxe4+ 53. Rxe4 f2
54. Rh4+ Kg7 55. Rg4 f1=Q 56. Rg3 Rh8 0-1

[Event "UNAM w Prelim B"]
[Site "Mexico City MEX"]
[Date "2012.11.17"]
[Round "2.2"]
[White "Umudova, Nargiz"]
[Black "Esquivel De Leon, Aurora"]
[Result "1-0"]
[WhiteTitle "WIM"]
[BlackTitle "WIM"]
[WhiteElo "2220"]
[BlackElo "1965"]
[WhiteFideId "13402137"]
[BlackFideId "5110432"]
[EventDate "2012.11.16"]

1. e4 c5 2. b3 Nc6 3. Bb2 d6 4. f4 e6 5. Bb5 Bd7 6. Nf3 a6 7. Bxc6 Bxc6 8. d3
Nf6 9. Nbd2 b5 10. Qe2 Be7 11. O-O O-O 12. e5 Nd5 13. exd6 Bxd6 14. Ne5 Bb7 15.
Ne4 Rc8 16. c4 Nb4 17. Rad1 Bxe5 18. fxe5 Nc6 19. Qg4 Kh8 20. Rf3 Nd4 21. Rg3
Nf5 22. Rh3 h6 23. Nd6 Nxd6 24. exd6 f6 25. Qxe6 Re8 26. Qf7 Qxd6 27. Rxh6+ 1-0

[Event "UNAM w Prelim B"]
[Site "Mexico City MEX"]
[Date "2012.11.17"]
[Round "2.3"]
[White "Esquivel De Leon, Aurora"]
[Black "Umudova, Nargiz"]
[Result "0-1"]
[WhiteTitle "WIM"]
[BlackTitle "WIM"]
[WhiteElo "1965"]
[BlackElo "2220"]
[WhiteFideId "5110432"]
[BlackFideId "13402137"]
[EventDate "2012.11.16"]

1. Nf3 Nf6 2. c4 g6 3. g3 Bg7 4. Bg2 O-O 5. O-O d6 6. Nc3 e5 7. d3 Nc6 8. Rb1 a5
9. a3 Be6 10. Ng5 Bf5 11. b4 axb4 12. axb4 Rb8 13. b5 Ne7 14. Qb3 h6 15. Nge4
Nxe4 16. Nxe4 Qd7 17. Ba3 Bh3 18. b6 Bxg2 19. Kxg2 c5 20. Qb5 Qe6 21. Bxc5 dxc5
22. Nxc5 Qd6 23. Nd7 Nc6 24. Nxb8 Rxb8 25. Rfe1 Rd8 26. Qb3 Nd4 27. Qa4 Nc6 28.
Rbc1 Kh7 29. Red1 Bf8 30. Qb5 Nd4 31. Qb2 Qc6+ 32. Kg1 Bc5 33. e3 Nf3+ 34. Kf1
Nxh2+ 35. Kg1 Nf3+ 36. Kf1 Re8 37. Ke2 Ng5 38. e4 Qe6 39. Rf1 Qg4+ 40. f3 Qxg3
41. Qb5 Qg2+ 42. Ke1 Rc8 43. Qd7 Bb4+ 44. Kd1 Qd2# 0-1

[Event "UNAM w Prelim B"]
[Site "Mexico City MEX"]
[Date "2012.11.17"]
[Round "2.4"]
[White "Umudova, Nargiz"]
[Black "Esquivel De Leon, Aurora"]
[Result "1-0"]
[WhiteTitle "WIM"]
[BlackTitle "WIM"]
[WhiteElo "2220"]
[BlackElo "1965"]
[WhiteFideId "13402137"]
[BlackFideId "5110432"]
[EventDate "2012.11.16"]

1. e4 c5 2. b3 e6 3. Bb2 Nc6 4. Bb5 Qc7 5. Nf3 Nge7 6. O-O a6 7. Bxc6 Nxc6 8. c4
d6 9. d4 cxd4 10. Nxd4 Nxd4 11. Qxd4 e5 12. Qd3 Be6 13. f4 Qc5+ 14. Kh1 exf4 15.
Rxf4 Qg5 16. Rf3 h5 17. Nc3 O-O-O 18. Nd5 Rg8 19. Qd4 Bxd5 20. cxd5 Kb8 21. Qb6
Qe7 22. Rxf7 Qxf7 23. Qxd8+ Ka7 24. Bd4+ b6 25. Rc1 Be7 26. Rc7# 1-0

[Event "UNAM w Prelim B"]
[Site "Mexico City MEX"]
[Date "2012.11.17"]
[Round "2.1"]
[White "Partac, Elena"]
[Black "Guramishvili, Sopiko"]
[Result "1-0"]
[WhiteTitle "WGM"]
[BlackTitle "IM"]
[WhiteElo "2086"]
[BlackElo "2403"]
[WhiteFideId "13901001"]
[BlackFideId "13602888"]
[EventDate "2012.11.16"]

1. e4 c5 2. Nc3 a6 3. a4 Nc6 4. g3 g6 5. Bg2 Bg7 6. d3 e6 7. Be3 Nd4 8. Nce2
Nxe2 9. Nxe2 Bxb2 10. Rb1 Bg7 11. Bxc5 Qa5+ 12. Bb4 Qxa4 13. O-O d6 14. Bxd6 Qd7
15. e5 Ne7 16. Nd4 f6 17. f4 O-O 18. c4 fxe5 19. fxe5 Rxf1+ 20. Qxf1 Nf5 21.
Nxe6 Nxd6 22. Nxg7 Kxg7 23. Qf6+ Kh6 24. Qf8+ Qg7 25. Qxd6 Ra7 26. Qb6 Ra8 27.
Qe3+ g5 28. Rb6+ Kh5 29. Bf3+ g4 30. Bd5 Bf5 31. Rxb7 Qh8 32. Bf7+ Bg6 33. Qf4
Rf8 34. h3 Bxf7 35. hxg4+ Kg6 36. Qf5+ Kg7 37. Qg5# 1-0

[Event "UNAM w Prelim B"]
[Site "Mexico City MEX"]
[Date "2012.11.17"]
[Round "2.2"]
[White "Guramishvili, Sopiko"]
[Black "Partac, Elena"]
[Result "1/2-1/2"]
[WhiteTitle "IM"]
[BlackTitle "WGM"]
[WhiteElo "2403"]
[BlackElo "2086"]
[WhiteFideId "13602888"]
[BlackFideId "13901001"]
[EventDate "2012.11.16"]

1. d4 Nf6 2. c4 Nc6 3. Nf3 e6 4. g3 Bb4+ 5. Bd2 Qe7 6. Nc3 O-O 7. Bg2 Bxc3 8.
Bxc3 Ne4 9. Rc1 d6 10. O-O Nxc3 11. Rxc3 e5 12. d5 Nb8 13. b4 a5 14. a3 axb4 15.
axb4 Na6 16. Qb1 Bd7 17. Rfc1 h6 18. c5 Bb5 19. e4 g6 20. Ne1 Kg7 21. Nc2 f5 22.
c6 b6 23. Na3 Be2 24. f3 b5 25. Re1 Bc4 26. Nxc4 bxc4 27. Rxc4 f4 28. Qd3 Rab8
29. Qc3 Qg5 30. Kf2 h5 31. Ra1 fxg3+ 32. hxg3 h4 33. gxh4 Qxh4+ 34. Kf1 Rb6 35.
Ra2 Qg3 36. Rb2 Rbb8 37. Rf2 Rf4 38. Ke2 Rh4 39. Qa3 Rh2 40. Qxa6 Rxg2 41. Qa7
Rxf2+ 42. Qxf2 Qg5 43. Kd3 Ra8 44. Rc3 Ra1 45. Kc4 Rd1 46. Qa7 Rd4+ 47. Kb3 Qd2
48. Qxc7+ Kh6 49. Qxd6 Qd1+ 50. Rc2 Qd3+ 51. Kb2 Rc4 52. Qf8+ Kg5 53. Qe7+ Kf4
54. Qf6+ Ke3 55. Qg5+ Kd4 56. Rd2 Rxb4+ 57. Ka2 Ra4+ 58. Kb2 Rb4+ 59. Ka2 Ra4+
60. Kb2 Rb4+ 61. Ka1 Ra4+ 62. Kb2 Rb4+ 63. Ka1 Ra4+ 64. Kb2 Rb4+ 65. Ka2 Ra4+
66. Kb2 Rb4+ 67. Ka1 Ra4+ 68. Kb2 Rb4+ 69. Ka2 Ra4+ 70. Kb2 Ra1 71. Kxa1 1/2-1/2

[Event "UNAM w Prelim B"]
[Site "Mexico City MEX"]
[Date "2012.11.17"]
[Round "2.3"]
[White "Partac, Elena"]
[Black "Guramishvili, Sopiko"]
[Result "1/2-1/2"]
[WhiteTitle "WGM"]
[BlackTitle "IM"]
[WhiteElo "2086"]
[BlackElo "2403"]
[WhiteFideId "13901001"]
[BlackFideId "13602888"]
[EventDate "2012.11.16"]

1. e4 e5 2. Nf3 Nc6 3. Bb5 Nd4 4. Nxd4 exd4 5. O-O Bc5 6. a4 Ne7 7. d3 O-O 8.
Bc4 c6 9. Bg5 d5 10. exd5 cxd5 11. Bb3 Be6 12. Re1 Qd7 13. Bxe7 Bxe7 14. Nd2 Bf6
15. h3 a5 16. Nf3 Qc7 17. Qd2 h6 18. Re2 b6 19. Rae1 Kh7 20. Ne5 Qc5 21. Qf4 Bg5
22. Qg3 Bf6 23. Ng6 fxg6 24. Rxe6 Rad8 25. Qg4 Rf7 26. Re8 Rdd7 27. Ra8 Rfe7 28.
Re8 Qb4 29. R8xe7 Rxe7 30. Rxe7 Qxe7 31. Kf1 Qe5 32. Qf3 Qg5 33. Qxd5 Qc1+ 34.
Ke2 h5 35. Qg8+ Kh6 36. h4 g5 37. Qh8+ Kg6 38. Qe8+ Kh6 39. Qh8+ Kg6 40. Qe8+
Kh6 41. Qh8+ Kg6 42. Qe8+ Kh6 43. Qh8+ Kg6 1/2-1/2

[Event "UNAM w Prelim B"]
[Site "Mexico City MEX"]
[Date "2012.11.17"]
[Round "2.4"]
[White "Guramishvili, Sopiko"]
[Black "Partac, Elena"]
[Result "1-0"]
[WhiteTitle "IM"]
[BlackTitle "WGM"]
[WhiteElo "2403"]
[BlackElo "2086"]
[WhiteFideId "13602888"]
[BlackFideId "13901001"]
[EventDate "2012.11.16"]

1. d4 Nf6 2. c4 e6 3. Nc3 Bb4 4. e3 b6 5. Ne2 Bb7 6. a3 Be7 7. Nf4 O-O 8. Bd3
Nc6 9. O-O e5 10. dxe5 Nxe5 11. Be2 Bd6 12. Nb5 Be7 13. b3 Ne4 14. Bb2 Ng6 15.
Nd5 Bxd5 16. cxd5 a6 17. Nd4 Bf6 18. Rc1 Ra7 19. Bd3 Re8 20. b4 Qa8 21. Bc4 c5
22. dxc6 dxc6 23. Qc2 Nh4 24. f3 Ng5 25. Nxc6 Bxb2 26. Qxb2 Rc7 27. Bd5 Qc8 28.
e4 Ng6 29. Qd2 Ne6 30. g3 Ne7 31. Nxe7+ Rexe7 32. f4 Rxc1 33. Rxc1 Rc7 34. Rxc7
Qxc7 35. f5 Nd8 36. Qb2 b5 37. e5 Qb6+ 38. Kg2 Qe3 39. f6 gxf6 40. exf6 Ne6 41.
Bxe6 Qxe6 42. Qd4 Qc6+ 43. Kh3 Qe6+ 44. Kh4 h5 45. Qd8+ Kh7 46. Qd3+ Kg8 47. Qf3
Qc4+ 48. Kxh5 Kf8 49. g4 Qc8 50. g5 Kg8 51. h4 Qe8 52. Kg4 Qe6+ 53. Kh5 Qe8 54.
Qg4 Qd8 55. Qf3 Qe8 56. Qf2 Qe6 57. Qg2 Qe8 58. Qd5 Qe2+ 59. Kh6 Qe8 60. g6 Qf8+
61. Kg5 Qb8 62. Qd1 1-0

[Event "UNAM w Prelim B"]
[Site "Mexico City MEX"]
[Date "2012.11.18"]
[Round "3.2"]
[White "Muminova, Nafisa"]
[Black "Guramishvili, Sopiko"]
[Result "0-1"]
[WhiteTitle "WIM"]
[BlackTitle "IM"]
[WhiteElo "2349"]
[BlackElo "2403"]
[WhiteFideId "14201526"]
[BlackFideId "13602888"]
[EventDate "2012.11.16"]

1. e4 c5 2. Nf3 a6 3. c4 Nc6 4. d4 cxd4 5. Nxd4 g6 6. Nc3 Bg7 7. Be3 d6 8. Be2
Nf6 9. f3 O-O 10. Qd2 e6 11. Nc2 Qc7 12. O-O Ne5 13. Na3 Rd8 14. Rac1 Bd7 15.
Rfd1 Bc6 16. Nd5 exd5 17. cxd5 Qe7 18. dxc6 bxc6 19. Qc2 d5 20. Bc5 Qb7 21. f4
Ned7 22. e5 Nxc5 23. exf6 Bf8 24. Bf3 Rac8 25. f5 Nd7 26. fxg6 hxg6 27. Bg4 Nxf6
28. Bxc8 Rxc8 29. Nb1 Ne4 30. Nc3 Nd6 31. Kh1 Nc4 32. Qb3 Qa7 33. Ne2 Rb8 34.
Qf3 Rxb2 35. Nd4 Qb7 36. h4 Nd2 37. Qe3 Ne4 38. Rf1 c5 39. Nb3 Bd6 40. Rf3 d4
41. Qe1 Qd5 42. Na5 Nd2 43. Rf2 Bg3 44. Qe8+ Kg7 45. Re2 Qh5 46. Re4 Nxe4 47.
Qxe4 Bxh4 48. Kg1 Bg3 0-1

[Event "UNAM w Prelim B"]
[Site "Mexico City MEX"]
[Date "2012.11.18"]
[Round "3.3"]
[White "Guramishvili, Sopiko"]
[Black "Muminova, Nafisa"]
[Result "1-0"]
[WhiteTitle "IM"]
[BlackTitle "WIM"]
[WhiteElo "2403"]
[BlackElo "2349"]
[WhiteFideId "13602888"]
[BlackFideId "14201526"]
[EventDate "2012.11.16"]

1. c4 e5 2. g3 Nc6 3. Bg2 Bc5 4. Nc3 a6 5. e3 d6 6. Nge2 Ba7 7. d4 exd4 8. exd4
Nge7 9. O-O O-O 10. b3 Bf5 11. a3 Rb8 12. d5 Ne5 13. Be3 Bxe3 14. fxe3 Qd7 15.
Nd4 Bg6 16. e4 Rbe8 17. Qd2 Kh8 18. h3 c5 19. dxc6 bxc6 20. Kh2 Rb8 21. Rab1 Rb7
22. Nf3 Nxf3+ 23. Rxf3 Qe6 24. Rd3 Nc8 25. Re3 Nb6 26. Rd1 Nc8 27. Ne2 Qe5 28.
Nd4 Rc7 29. Nf3 Qc5 30. e5 Rd7 31. b4 Qxc4 32. Rc3 Qb5 33. Nd4 Qxe5 34. Nxc6 Qh5
35. Bf3 Qh6 36. Qxh6 gxh6 37. Be2 Nb6 38. Bxa6 d5 39. Bb5 Rd6 40. a4 Be4 41. a5
Na8 42. Nd4 f5 43. Rf1 Kg7 44. Ba4 Rg6 45. b5 f4 46. g4 h5 47. Bd1 hxg4 48. Bxg4
Rff6 49. Rc8 h5 50. Bf3 Rf8 51. Rxf8 Kxf8 52. Bxe4 dxe4 53. Rxf4+ Ke7 54. Rxe4+
Kd6 55. b6 Nxb6 56. axb6 Kc5 57. Re6 Rg7 58. Nf5 Rf7 59. Ne3 Rg7 60. h4 Rf7 61.
Kg3 Kb5 62. Rh6 Ka6 63. Nc4 Rg7+ 64. Kf3 Rf7+ 65. Ke4 Rg7 66. Rxh5 Rg4+ 67. Kd5
Rg1 68. Kc5 Rc1 69. Rh7 1-0